000
00402nam a22001337a 4500
003
SGT
020
_a
9788171247394
082
_a
891.4309
_b
K10R
100
_a
राय, विवेकी
245
_a
खिली हुई धुप में : काव्य समग्र
260
_b
विश्वविद्यालय प्रकाशन
_c
2010
300
_a
336
942
_2
ddc
_c
BK
999
_c
31237
_d
31237